000
00309nam a22001337a 4500
008
170421b xxu||||| |||| 00| 0 eng d
020
_a
9780123736628
041
_a
eng
080
_a
573
100
_a
11
101
_a
SHM
245
_a
CURRENT TOPICS IN DEVELOPMENT BIOLOGY
_c
JOHN.C.ST
942
_2
udc
_c
BK
999
_c
11515
_d
11515